Normal view
MARC view
- Middleman, Stanley
Entry Personal Name
001 - CONTROL NUMBER
- control field: 103836
003 - CONTROL NUMBER IDENTIFIER
- control field: NUST
005 - DATE AND TIME OF LATEST TRANSACTION
- control field: 20221130172400.0
008 - FIXED-LENGTH DATA ELEMENTS
- fixed length control field: 221130|| aca||aabn | a|a d
040 ## - CATALOGING SOURCE
- Original cataloging agency: NUST
- Transcribing agency: NUST
100 ## - HEADING--PERSONAL NAME
- Personal name: Middleman, Stanley
670 ## - SOURCE DATA FOUND
- Source citation: Work cat.: (NUST)182270: Middleman, Stanley., Process engineering analysis in semiconductor device fabrication /, c1993.
